Football Image Reveal #1 - Statistics

General Stats
  • This quiz has been taken 258 times
  • The average score is 16 of 21
Answers on the Map
Answers color-coded by a green-red scale on the quiz's map according to % correct below.
 
Answer Stats
Questions Answer % Correct
Country with the most FIFA World Cups Brazil
100%
Manchester United's #7 between 1997 and 2003 David Beckham
85%
Bayern Munich's all-time record goalscorer Gerd Müller
85%
Italian club relegated to Serie B for matchfixing in 2006 Juventus
85%
Ukraine's all-time top goalscorer Andriy Shevchenko
84%
Only French club to win seven consecutive Ligue 1 titles Olympique Lyonnais
84%
Current holders of the UEFA European Championships Spain
83%
Shirt sponsor of Arsenal, AC Milan and Real Madrid Fly Emirates
82%
Last Englishman to win the Ballon d'Or Michael Owen
78%
Last LaLiga champions from outside Madrid or Bacelona Valencia
77%
Common name of Stadio Giuseppe Meazza San Siro
76%
Club that plays at Estádio da Luz Benfica
73%
Club where Robbie Keane and Andrea Pirlo played together Inter Milan
73%
Midfielder who left Al-Ettifaq for Ajax in 2024 Jordan Henderson
72%
Namesake of the original FIFA World Cup trophy Jules Rimet
66%
The answer is... Kylian Mbappé
63%
Borussia Dortmund's Champions League-winning captain Matthias Sammer
63%
FIFA nation that Shaun Goater represented internationally Bermuda
62%
Porto's goalkeeper in 2004 UEFA Champions League final Vítor Baía
62%
First English club to reach a major European final Birmingham City
61%
Club with the largest capacity in the Turkish Süper Lig Fatih Karagümrük
60%
No matching quizzes found
Score Distribution
Percent of People with Each Score
Percentile by Number Answered
Your Score History
You have not taken this quiz